000
00241nam a2200109Ia 4500
008
190216s9999||||xx |||||||||||||| ||und||
100
_a
Swaminathan L
245
0
_a
Leactures On Costing
260
_b
Null
_c
1970
300
_a
1096p
942
_c
BK
999
_c
4201
_d
4201